[Event "Challenge"]
[Site "http://www.queenalice.com/game.php?id=258483"]
[Date "2007.8.20"]
[Round "-"]
[White "doran"]
[Black "pitchman2"]
[Result "1-0"]
[WhiteElo "1912"]
[BlackElo "1598"]

1. Nf3 d5 2. d3 c6 3. g3 h6 4. Bg2 e6 5. O-O Bd6 6. e4 f6 7. Nh4 Ne7 8. Qh5+ Kd7
9. f4 Bc5+ 10. Kh1 Kc7 11. Bh3 Na6 12. c3 dxe4 13. dxe4 Qe8 14. Qe2 Bd7 15. e5
f5 16. a4 Rd8 17. b4 Bb6 18. a5 Bc5 19. bxc5 Nxc5 20. Ba3 Nb3 21. Bd6+ Kc8 22.
Ra3 c5 23. Rxb3 g5 24. Bxe7 Qxe7 25. Ng6 Bc6+ 26. Bg2 1-0

[Event "AUTO-INT-682"]
[Site "http://www.queenalice.com/game.php?id=302323"]
[Date "2007.11.11"]
[Round "1"]
[White "fire4"]
[Black "pitchman2"]
[Result "0-1"]
[WhiteElo "1735"]
[BlackElo "1609"]

1. c4 c5 2. e3 e6 3. Nf3 d6 4. Nc3 Nc6 5. g3 Nf6 6. Bg2 Be7 7. d4 O-O 8. d5 Na5
9. b3 a6 10. h4 e5 11. Ng5 h6 12. e4 Bg4 13. f3 Bh5 14. Be3 Nd7 15. g4 Bg6 16.
Nh3 Bxh4+ 17. Ke2 b5 18. f4 bxc4 19. f5 Bh7 20. Ng1 Bg5 21. Nf3 Bxe3 22. Kxe3
Rb8 23. Rb1 Nf6 24. Nd2 cxb3 25. axb3 Rb4 26. Ra1 Rd4 27. Qe2 Re8 28. Bf3 Qb6
29. Rhb1 c4 30. Nxc4 Rxe4+ 31. Kd2 Rxe2+ 32. Bxe2 Nxb3+ 33. Kd1 Qd4+ 34. Kc2
Nxa1+ 35. Rxa1 Ne4 36. Nxe4 Qxe4+ 37. Bd3 Qg2+ 38. Kc3 Qxd5 39. Ra5 Qd4+ 40. Kd2
e4 0-1

[Event "AUTO-INT-682"]
[Site "http://www.queenalice.com/game.php?id=302324"]
[Date "2007.11.11"]
[Round "1"]
[White "pitchman2"]
[Black "fire4"]
[Result "1-0"]
[WhiteElo "1644"]
[BlackElo "1721"]

1. e4 b6 2. f4 Bb7 3. d3 d5 4. Nd2 e6 5. Ngf3 Bd6 6. Be2 Ne7 7. e5 Bc5 8. d4 Nf5
9. Nb3 Be7 10. O-O c5 11. c3 c4 12. Nbd2 O-O 13. Nb1 b5 14. a3 Nc6 15. b4 f6 16.
g4 Nh6 17. Ne1 g5 18. Qd2 Kh8 19. Ng2 Rg8 20. exf6 Bxf6 21. Bd1 Qd6 22. Qf2 Raf8
23. Qg3 Nxd4 24. Be3 Nc6 25. Bc5 gxf4 26. Rxf4 Qc7 27. Bxf8 Be5 28. Bxh6 Bxf4
29. Bxf4 e5 30. Be3 Qd7 31. Qh4 d4 32. Qf6+ Qg7 33. Qxg7+ Rxg7 34. Bd2 d3 35.
Ne3 Ne7 36. Ng2 Nf5 37. a4 h5 38. g5 bxa4 39. Bxh5 e4 40. h4 e3 41. Nxe3 Nxh4
42. Nxc4 Bf3 43. Bxf3 Nxf3+ 44. Kf2 Rf7 45. Kg3 1-0

[Event "AUTO-INT-682"]
[Site "http://www.queenalice.com/game.php?id=302337"]
[Date "2007.11.11"]
[Round "1"]
[White "alhop10"]
[Black "pitchman2"]
[Result "0-1"]
[WhiteElo "1399"]
[BlackElo "1595"]

1. e4 e5 2. Nf3 Nc6 3. Bb5 d6 4. d3 a6 5. Bxc6+ bxc6 6. Nc3 Bg4 7. Be3 Nf6 8.
O-O h6 9. d4 Qe7 10. d5 c5 0-1

[Event "AUTO-INT-682"]
[Site "http://www.queenalice.com/game.php?id=302338"]
[Date "2007.11.11"]
[Round "1"]
[White "pitchman2"]
[Black "alhop10"]
[Result "1-0"]
[WhiteElo "1578"]
[BlackElo "1399"]

1. e4 e5 2. f4 exf4 3. Nf3 Nf6 4. Nc3 Bc5 5. d4 Bb4 6. Bd3 O-O 7. O-O Bxc3 8.
bxc3 d6 9. Bxf4 Bg4 10. Qd2 Nc6 11. Bg5 1-0

[Event "AUTO-INT-682"]
[Site "http://www.queenalice.com/game.php?id=302347"]
[Date "2007.11.11"]
[Round "1"]
[White "pitchman2"]
[Black "SGrillo"]
[Result "1-0"]
[WhiteElo "1706"]
[BlackElo "1680"]

1. e4 e5 2. f4 d6 3. Nf3 Bg4 4. Be2 Bxf3 5. Bxf3 Nc6 6. c3 Be7 7. O-O Nf6 8. d3
O-O 9. f5 h6 10. Be3 b6 11. Qd2 Nh7 12. Qe1 Bg5 13. Bf2 g6 14. h4 Bf6 15. Be3 h5
16. g3 Kh8 17. fxg6 fxg6 18. Bh6 Bg7 19. Bxg7+ Kxg7 20. Nd2 Qd7 21. Kg2 Ne7 22.
Qe3 Ng8 23. d4 Rae8 24. d5 Ngf6 25. Qe2 Ng8 26. g4 hxg4 27. Bxg4 Qd8 28. Nf3
Ngf6 29. Be6 Nh5 30. Qe3 Nf4+ 31. Kh2 Nxe6 32. dxe6 Rxe6 33. Ng5 Nxg5 34. hxg5
Rh8+ 35. Kg3 Rh5 36. Kf2 Qxg5 37. Qxg5 Rxg5 38. Rg1 Rf6+ 39. Ke3 Rxg1 40. Rxg1
c5 41. a4 a5 42. b3 Rf8 43. Kd3 Rf3+ 44. Kc4 Rf7 45. Kb5 Rf3 46. Rc1 g5 47. Kxb6
g4 48. Kxa5 Re3 49. Kb5 Rxe4 50. a5 g3 51. Kc6 Re2 52. a6 Ra2 53. Kb7 g2 54. a7
Kf6 55. a8=Q Rxa8 56. Kxa8 Kf5 57. Rg1 Ke4 58. Rxg2 Kd3 59. Rg3+ Kc2 60. c4 Kd2
61. Kb7 e4 62. Kc6 e3 63. Kxd6 e2 64. Rg1 e1=Q 65. Rxe1 Kxe1 66. Kxc5 1-0

[Event "AUTO-INT-682"]
[Site "http://www.queenalice.com/game.php?id=302348"]
[Date "2007.11.11"]
[Round "1"]
[White "SGrillo"]
[Black "pitchman2"]
[Result "0-1"]
[WhiteElo "1679"]
[BlackElo "1532"]

1. e4 e5 2. Nf3 Nc6 3. Bb5 a6 4. Bxc6 dxc6 5. h3 Bd6 6. O-O Nf6 7. d3 O-O 8. Bg5
h6 9. Bxf6 Qxf6 10. Nh2 Qg6 11. Qf3 f5 12. exf5 Bxf5 13. Qg3 Qe6 14. Qe3 b6 15.
Nc3 Bc5 16. Qf3 Rad8 17. Ne4 Bxe4 18. Qxe4 Rd4 19. Qe2 Rdf4 20. Nf3 R8f5 21.
Rfe1 Bd6 22. Rf1 Qg6 23. Kh2 e4 24. Nd2 Rxf2+ 25. Kg1 Qxg2# 0-1

[Event "Challenge"]
[Site "http://www.queenalice.com/game.php?id=311017"]
[Date "2007.11.27"]
[Round "-"]
[White "Kuffer"]
[Black "pitchman2"]
[Result "0-1"]
[WhiteElo "1209"]
[BlackElo "1674"]

1. d4 d5 2. e3 Nf6 3. Bb5+ c6 4. Nf3 cxb5 5. Ne5 e6 6. Bd2 Bd6 7. a3 O-O 8. Bc3
Ne4 9. Bb4 Bxb4+ 10. axb4 Qf6 11. f3 Qh4+ 12. g3 Nxg3 0-1

[Event "AUTO-INT-735"]
[Site "http://www.queenalice.com/game.php?id=328572"]
[Date "2007.12.31"]
[Round "1"]
[White "hansstrik"]
[Black "pitchman2"]
[Result "1-0"]
[WhiteElo "1866"]
[BlackElo "1728"]

1. e4 e5 2. Nf3 d6 3. d4 Nf6 4. Nc3 Bg4 5. dxe5 Bxf3 6. Qxf3 dxe5 7. Bc4 Be7 8.
O-O O-O 9. Rd1 Qc8 10. Bg5 c6 11. Rd3 Qg4 12. Qxg4 Nxg4 13. Bxe7 Re8 14. Bh4 b5
15. Bb3 a5 16. a3 h6 17. Rf3 Ra7 18. Rg3 h5 19. h3 a4 20. Ba2 Nh6 21. Bg5 Kh7
22. Rd1 f6 23. Bxh6 gxh6 24. Rd6 Rf8 25. Ne2 Rd7 26. Rxd7+ Nxd7 27. Be6 Nc5 28.
Bf5+ Kh8 29. Rg6 1-0

[Event "AUTO-INT-735"]
[Site "http://www.queenalice.com/game.php?id=328573"]
[Date "2007.12.31"]
[Round "1"]
[White "pitchman2"]
[Black "hansstrik"]
[Result "0-1"]
[WhiteElo "1740"]
[BlackElo "1855"]

1. e4 e5 2. f4 exf4 3. Nf3 Be7 4. Bc4 Nf6 5. d3 d5 6. exd5 Nxd5 7. O-O Ne3 8.
Bxe3 fxe3 9. Re1 O-O 10. d4 Bg5 11. c3 Bg4 12. h3 Bh5 13. Be2 Bxf3 14. Bxf3 Nc6
15. Bxc6 bxc6 16. Qf3 Qd6 17. Na3 Rae8 18. Nc4 Qe6 19. Qe2 f5 20. g3 f4 21. Ne5
Qxh3 22. Qg2 Qxg3 23. Qxg3 fxg3 24. Nxc6 Rf2 25. Ne5 Rxb2 26. Nf3 Bf6 27. a4 h5
28. Nd2 Rxd2 29. a5 e2 30. Kg2 h4 31. Kf3 Rd3+ 0-1

[Event "AUTO-INT-735"]
[Site "http://www.queenalice.com/game.php?id=328580"]
[Date "2007.12.31"]
[Round "1"]
[White "pitchman2"]
[Black "zemaria"]
[Result "1-0"]
[WhiteElo "1724"]
[BlackElo "1673"]

1. e4 Nf6 2. Nc3 e5 3. f4 exf4 4. d3 Bd6 5. Nf3 Qe7 6. Be2 h6 7. O-O c6 8. Nd4
Be5 9. Nf5 Qf8 10. d4 Bc7 11. Bxf4 Bxf4 12. Rxf4 g6 13. Ne3 d6 14. Rxf6 Qg7 15.
Rxd6 O-O 16. e5 Be6 17. Ne4 Nd7 18. Qf1 Rad8 19. Nf6+ Nxf6 20. Rxd8 Rxd8 21.
exf6 Qf8 22. c3 Re8 23. Qf2 Qd6 24. Nc4 Bxc4 25. Bxc4 b6 26. Rf1 b5 27. Bb3 Re4
28. Qc2 Rf4 29. Qxg6+ Kh8 30. Qg7# 1-0

[Event "AUTO-INT-735"]
[Site "http://www.queenalice.com/game.php?id=328581"]
[Date "2007.12.31"]
[Round "1"]
[White "zemaria"]
[Black "pitchman2"]
[Result "1-0"]
[WhiteElo "1735"]
[BlackElo "1762"]

1. e4 e5 2. Nf3 d6 3. d4 Nf6 4. Bg5 Bg4 5. dxe5 Bxf3 6. Qxf3 dxe5 7. Nc3 Bb4 8.
a3 Bxc3+ 9. Qxc3 Nbd7 10. Bd3 O-O 11. Qb4 Qc8 12. Bb5 h6 13. Bh4 c6 14. Bd3 c5
15. Qd2 c4 16. Be2 Nxe4 17. Qe3 f5 18. f3 Nef6 19. Qc3 b5 20. O-O Qc7 21. Rfd1
g5 22. Bg3 f4 23. Bf2 a6 24. Qb4 Rac8 25. g3 fxg3 26. Bxg3 Qc5+ 27. Bf2 Qxb4 28.
axb4 Rc6 29. Bf1 h5 30. Bh3 g4 31. fxg4 hxg4 32. Bg2 Rc7 33. Rxa6 c3 34. b3 Kg7
35. Bf1 Rb7 36. Ra5 Rf7 37. Bg2 e4 38. Bd4 Rb8 39. Bxe4 Re7 40. Bd3 Ne5 41. Bxc3
Nxd3 42. Rxd3 Kg6 43. Rd6 Rf7 44. Raa6 Rbf8 45. Bxf6 Rxf6 46. Rxf6+ Rxf6 47.
Rxf6+ Kxf6 48. Kf1 Kf5 49. Ke2 Ke4 50. c3 Kf4 51. c4 bxc4 52. bxc4 1-0

[Event "AUTO-INT-682"]
[Site "http://www.queenalice.com/game.php?id=352216"]
[Date "2008.2.10"]
[Round "2"]
[White "chapichapo"]
[Black "pitchman2"]
[Result "0-1"]
[WhiteElo "1706"]
[BlackElo "1716"]

1. e4 e5 2. Nf3 Nc6 3. Bc4 d6 4. c3 h6 5. b4 Nf6 6. Nh4 Bg4 7. f3 Bd7 8. Qb3 Qe7
9. O-O Nd8 10. f4 Nxe4 11. fxe5 Qxh4 12. Bxf7+ Ke7 13. d3 Ng5 14. Bxg5+ hxg5 15.
exd6+ cxd6 16. Nd2 Qxh2+ 17. Kf2 Nxf7 18. Rae1+ Ne5 19. Nf3 Qf4 20. d4 g4 21.
dxe5 gxf3 22. exd6+ Kd8 23. gxf3 Rh2+ 24. Kg1 Qg3# 0-1

[Event "AUTO-INT-682"]
[Site "http://www.queenalice.com/game.php?id=352217"]
[Date "2008.2.10"]
[Round "2"]
[White "pitchman2"]
[Black "chapichapo"]
[Result "1-0"]
[WhiteElo "1732"]
[BlackElo "1693"]

1. e4 e5 2. f4 exf4 3. Nf3 g5 4. h4 Bc5 5. d4 Bb6 6. hxg5 Qe7 7. Bd3 Nc6 8. c3
d6 9. Bxf4 Bg4 10. Nbd2 O-O-O 11. Qc2 h5 12. O-O-O a5 13. Rdf1 Bxf3 14. Nxf3 f6
15. gxf6 Qxf6 16. Bg5 Qg6 17. e5 Qe6 18. Bxd8 Kxd8 19. Kb1 Nge7 20. Ng5 Qg4 21.
Nf7+ Ke8 22. Nxh8 dxe5 23. Bg6+ Nxg6 24. Nxg6 exd4 25. Re1+ Kd8 26. Rh4 Qg3 27.
Qe4 Kc8 28. Qe8+ Nd8 29. Ne7+ Kb8 30. Qxd8+ Ka7 31. Nc8+ Ka6 32. Rhe4 dxc3 33.
Qd5 c2+ 34. Kc1 Bf2 35. Qc4+ b5 36. Qc6+ Bb6 37. Qa8+ 1-0

[Event "AUTO-INT-682"]
[Site "http://www.queenalice.com/game.php?id=352220"]
[Date "2008.2.10"]
[Round "2"]
[White "pitchman2"]
[Black "Ednilson_Aioria"]
[Result "1-0"]
[WhiteElo "1756"]
[BlackElo "2068"]

1. e4 c5 2. f4 e6 3. Nf3 d5 4. e5 Nc6 5. Bb5 Bd7 6. Bxc6 Bxc6 7. O-O g6 8. d4
cxd4 9. Nxd4 Bc5 10. Kh1 Bd7 11. c3 Ne7 12. Nc2 Nf5 13. b4 Be7 14. Ne3 Nxe3 15.
Bxe3 a5 16. Qe1 axb4 17. cxb4 d4 18. Bf2 Bb5 19. Rg1 d3 20. a3 O-O 21. Nd2 Ra4
22. Ne4 Ra8 23. Bc5 Bxc5 24. bxc5 Qe7 25. Qd2 Ba6 26. Rab1 1-0

[Event "AUTO-INT-682"]
[Site "http://www.queenalice.com/game.php?id=352221"]
[Date "2008.2.10"]
[Round "2"]
[White "Ednilson_Aioria"]
[Black "pitchman2"]
[Result "0-1"]
[WhiteElo "2044"]
[BlackElo "1784"]

1. e4 e5 2. Nf3 Nc6 3. Bc4 d6 4. d3 h6 5. Bb5 Be7 6. Bxc6+ bxc6 7. O-O Bg4 8.
Nbd2 Nf6 9. c3 O-O 10. Nc4 a5 11. Qa4 Bd7 12. Nxa5 c5 13. Qa3 Bg4 14. c4 Bxf3
15. gxf3 Qd7 16. Kg2 Nh5 17. Bd2 Bg5 18. Be3 f5 19. Qc3 Qf7 20. Kg1 Nf4 21. Bxf4
Bxf4 22. h4 Qg6+ 23. Kh1 fxe4 24. dxe4 Qh5 25. Kg2 Bd2 26. Qxd2 Qxf3+ 27. Kh2
Rf4 0-1

[Event "Challenge"]
[Site "http://www.queenalice.com/game.php?id=370145"]
[Date "2008.3.12"]
[Round "-"]
[White "Mike36bh"]
[Black "pitchman2"]
[Result "0-1"]
[WhiteElo "1751"]
[BlackElo "1746"]

1. d4 d5 2. Nc3 Nf6 3. Bf4 a6 4. Nf3 Nc6 5. e3 Bg4 6. Be2 Ne4 7. Nxe4 dxe4 8.
Ne5 Bxe2 9. Qxe2 e6 10. Nxc6 bxc6 11. O-O Bd6 12. Bxd6 cxd6 13. c4 d5 14. c5 O-O
15. a3 Qg5 16. b4 f5 17. a4 f4 18. exf4 Rxf4 19. f3 e5 20. b5 exf3 21. Rxf3 axb5
22. a5 Rxd4 23. a6 Rc4 24. a7 Rc1+ 25. Rxc1 Qxc1+ 26. Rf1 Qxc5+ 27. Kh1 d4 28.
Qa2+ Qc4 29. Qa1 Rxa7 30. Qe1 e4 31. Qf2 Rf7 0-1

[Event "Challenge"]
[Site "http://www.queenalice.com/game.php?id=404447"]
[Date "2008.5.17"]
[Round "-"]
[White "Claudio_C_A"]
[Black "pitchman2"]
[Result "0-1"]
[WhiteElo "1478"]
[BlackElo "1742"]

1. e4 e5 2. Bd3 Nc6 3. Nf3 Nf6 4. O-O Be7 5. h3 O-O 6. c3 b6 7. b4 a6 8. Na3 b5
9. Qc2 d6 10. c4 Nxb4 11. Qb3 Nxd3 12. Qxd3 c6 13. cxb5 axb5 14. Rb1 Ba6 15. Nh4
Nh5 16. Nf5 b4 17. Qf3 Bxf1 18. Kxf1 g6 19. Nh6+ Kg7 20. d3 Bg5 21. Bxg5 Qxg5
22. g4 Rxa3 23. h4 Qf4 24. Qg2 Kxh6 25. gxh5 c5 26. Rb2 Qc1+ 27. Ke2 Qxb2+ 28.
Ke3 Qc1+ 29. Kf3 Rxd3+ 30. Kg4 Qf4# 0-1

[Event "QA-ANNIV-04"]
[Site "http://www.queenalice.com/game.php?id=418467"]
[Date "2008.6.16"]
[Round "1"]
[White "pitchman2"]
[Black "mowliid12"]
[Result "0-1"]
[WhiteElo "1745"]
[BlackElo "2072"]

1. e4 c5 2. f4 e6 3. Nf3 Ne7 4. d4 cxd4 5. Qxd4 Nbc6 6. Qf2 d5 7. Bd3 dxe4 8.
Bxe4 Nd5 9. O-O b6 10. Bxd5 exd5 11. Re1+ Be7 12. Be3 O-O 13. Rd1 Bf6 14. c4 Re8
15. Rxd5 Qc7 16. Nc3 Ba6 17. Nb5 Bxb5 18. cxb5 Nb4 19. Rc1 Qe7 20. Rd4 Nxa2 21.
Re1 Bxd4 22. Bxd4 Qb4 23. Qg3 Rxe1+ 24. Qxe1 Qxe1+ 25. Nxe1 Rd8 26. Nf3 Nb4 27.
Bc3 Nd5 28. Bd2 Rc8 29. Nd4 Rc4 30. Nc6 Rc2 31. Bc3 Nxc3 32. Nxa7 Ne4 33. h4
Rxb2 34. Kh2 h5 0-1